Mandarin Chinese words and parts of speech : a corpus-based study /

Bibliographic Details
Main Authors: Huang, Chu-Ren (Author), Hsieh, Shu-Kai (Author), Chen, Keh-jiann (Author)
Format: Book
Language:English
Published: London ; New York : Routledge, 2017.
Series:Routledge studies in Chinese linguistics.
Subjects:

MARC

Tag First Indicator Second Indicator Subfields
LEADER 00000cam a2200000 i 4500
001 in00003888708
005 20171016140856.0
008 170313s2017 enk b 001 0 eng
010 |a  2016052262 
020 |a 9781138949447  |q hardback  |q alkaline paper 
020 |a 1138949442  |q hardback  |q alkaline paper 
020 |z 9781315669014  |q electronic book 
035 |a (OCoLC)ocn975834508 
040 |a DLC  |e rda  |c DLC  |d UtOrBLW 
049 |a TXAM 
050 0 0 |a PL1893  |b .H83 2017 
082 0 0 |a 495.15  |2 23 
100 1 |a Huang, Chu-Ren,  |e author.  |0 http://id.loc.gov/authorities/names/nr90004105 
245 1 0 |a Mandarin Chinese words and parts of speech :  |b a corpus-based study /  |c Chu-Ren Huang, Shu-Kai Hsieh and Keh-Jiann Chen. 
264 1 |a London ;  |a New York :  |b Routledge,  |c 2017. 
300 |a xiv, 288 pages ;  |c 24 cm. 
336 |a text  |b txt  |2 rdacontent 
337 |a unmediated  |b n  |2 rdamedia 
338 |a volume  |b nc  |2 rdacarrier 
490 1 |a Routledge studies in Chinese linguistics 
504 |a Includes bibliographical references (pages [281]-284) and index. 
650 0 |a Mandarin dialects  |x Parts of speech  |x Data processing. 
650 0 |a Mandarin dialects  |x Terms and phrases  |x Data processing. 
650 0 |a Mandarin dialects  |x Grammatical categories  |x Data processing. 
650 0 |a Chinese language  |x Dialects  |x Data processing. 
650 0 |a Computational linguistics.  |0 http://id.loc.gov/authorities/subjects/sh85077224 
700 1 |a Huang, Chu-Ren,  |e author.  |0 http://id.loc.gov/authorities/names/nr90004105 
700 1 |a Hsieh, Shu-Kai,  |e author.  |0 http://id.loc.gov/authorities/names/n2017014144 
700 1 |a Chen, Keh-jiann,  |e author.  |0 http://id.loc.gov/authorities/names/nr98002060 
830 0 |a Routledge studies in Chinese linguistics.  |0 http://id.loc.gov/authorities/names/no2017059996 
945 |b 196021 
947 |a A14850122087 
948 |a cataloged  |b h  |c 2017/8/11  |d c  |e dmitchel  |f 3:10:20 pm 
994 |a 92  |b TXA 
999 f f |s 9134d0b2-71cf-3918-88bb-1aae63cd6828  |i 26d56b12-9979-3899-a41d-0e899bc014de  |t 0 
952 f f |p normal  |a Texas A&M University  |b College Station  |c Sterling C. Evans Library  |d Evans: Library Stacks  |t 0  |e PL1893 .H83 2017  |h Library of Congress classification  |i unmediated -- volume  |m A14850122087 
998 f f |a PL1893 .H83 2017  |t 0  |l Evans: Library Stacks